| 000 | 00491nam a2200181Ia 4500 | ||
|---|---|---|---|
| 003 | LK-CoDNM | ||
| 008 | 010623t2007 xxu||||| |||| 00| 1 eng d | ||
| 040 |
_aLK-CoDNM _dLK-CoDNM _eLK-CoDNM |
||
| 041 | _aeng | ||
| 080 | _a759.954.3 (RC) WIC | ||
| 100 | _aWikramagamage,Chandra. | ||
| 245 | _aImages of Celestial Bodies in Sri Lankan Art | ||
| 260 |
_bS.Godage _aColombo _c2007 |
||
| 300 | _b80p,Pl., 26 100: 978-955-30-0484-0 cm | ||
| 650 | _aGods | ||
| 650 | _aPlanet | ||
| 942 | _cBK | ||
| 999 |
_c126375 _d126375 |
||